Corynespora leaf spot disease of rubber (Hevea brasiliensis) - A new record (Record no. 56429)

MARC details
000 -LEADER
fixed length control field 00516nam a2200169Ia 4500
100 ## - MAIN ENTRY--AUTHOR NAME
Personal name Liyanage A De S
245 #0 - TITLE STATEMENT
Title Corynespora leaf spot disease of rubber (Hevea brasiliensis) - A new record
260 ## - PUBLICATION, DISTRIBUTION, ETC. (IMPRINT)
Name of publisher Journal of the Rubber Research Institute of Sri Lanka
Year of publication 1986
300 ## - PHYSICAL DESCRIPTION
Number of Pages 47-50
650 ## - SUBJECT ADDED ENTRY--TOPICAL TERM
Topical Term Corynespora leaf spot
650 ## - SUBJECT ADDED ENTRY--TOPICAL TERM
Topical Term Hevea brasiliensis
700 ## - ADDED ENTRY--PERSONAL NAME
Personal name Jayaratne A H R
700 ## - ADDED ENTRY--PERSONAL NAME
Personal name Jayasinghe C K
700 ## - ADDED ENTRY--PERSONAL NAME
Personal name Liyanage N I S
942 ## - ADDED ENTRY ELEMENTS (KOHA)
Koha item type Journals
Holdings
Withdrawn status Lost status Damaged status Not for loan Home library Current library Shelving location Date acquired Serial Enumeration / chronology Koha item type
      Journals RRII Library RRII Library Pathology 17/12/2021 Volume 65, Issue Journals